Starting in oils
| Main Author: | |
|---|---|
| Format: | Book |
| Published: |
Leicester :
Magna Books ,
1993
|
| Subjects: |
MARC
| LEADER | 00000cam a2200000 7i4500 | ||
|---|---|---|---|
| 001 | 0000004485 | ||
| 002 | 000004829 | ||
| 005 | .0 | ||
| 020 | |a 1854221795 | ||
| 090 | 0 | 0 | |a 751.45 |b ROD |
| 100 | 1 | |a Rodgers, Roy | |
| 245 | 1 | 0 | |a Starting in oils |c Roy Rodgers ; series editor Ken Howard |
| 260 | |a Leicester : |b Magna Books , |c 1993 | ||
| 300 | |a 60p. ; |c 25cm. | ||
| 650 | 0 | 0 | |a Drawing |
| 650 | 0 | 0 | |a Oil painting |
| 999 | |a 032738 |b BUKU |c PINJAMAN |e PERPUSTAKAAN KOMUNITI PETALING JAYA | ||